Object-oriented systems analysis and design : (Record no. 6434)
[ view plain ]
| 000 -LEADER | |
|---|---|
| fixed length control field | 01639cam a2200229 a 4500 |
| 020 ## - INTERNATIONAL STANDARD BOOK NUMBER | |
| ISBN | 9780077125363 |
| 020 ## - INTERNATIONAL STANDARD BOOK NUMBER | |
| ISBN | 0077125363 |
| 050 00 - CALL NUMBER | |
| Classification number | QA76.64 |
| Item number | .B455 |
| 100 1# - AUTHOR | |
| Personal name | Bennett, Simon. |
| 245 10 - TITLE | |
| Title | Object-oriented systems analysis and design : |
| Remainder of title | using UML / |
| Statement of responsibility, etc | Simon Bennett, Steve McRobb and Ray Farmer. |
| 250 ## - EDITION | |
| Edition statement | Fourth edition. |
| 260 ## - PUBLICATION INFORMATION | |
| Place of publication | Maidenhead, Berkshire : |
| Name of publisher | McGraw-Hill Higher Education, |
| Year of publication | 2010. |
| 300 ## - DESCRIPTION | |
| Number of Pages | xxiii, 688 pages : |
| Other physical details | illustrations ; |
| Dimensions | 25 cm. |
| 505 ## - FORMATTED CONTENTS NOTE | |
| Table of Content | Introduction --<br/>A1 Agate Ltd Case Study-Introduction --<br/>B1 FoodCo Ltd Case Study-Introduction --<br/>1 Information Systems-What Are They? --<br/>2 Challenges in Information Systems Development --<br/>3 Meeting the Challenges --<br/>4 What is Object-Orientation? --<br/>5 Modelling Concepts --<br/>6 Requirements Capture --<br/>A2 Agate Ltd Case Study-Requirements Model --<br/>7 Requirements Analysis --<br/>A3 Agate Ltd Case Study-Requirements Analysis --<br/>8 Refining the Requirements Model --<br/>9 Object Interaction --<br/>10 Specifying Operations --<br/>11 Specifying Control --<br/>A4 Agate Ltd Case Study-Further Analysis --<br/>12 Moving into Design --<br/>13 System Design and Architecture --<br/>14 Detalled Design --<br/>15 Design Patterns --<br/>16 Human-Computer Interaction --<br/>17 Designing Boundary Classes --<br/>18 Data Management Design --<br/>A5 Agate Ltd Case Study-Design --<br/>19 Implementation --<br/>20 Software Reuse --<br/>21 Software Development Processes. |
| 650 #0 - SUBJECTS | |
| Topical Term | Object-oriented methods (Computer science) |
| 650 #0 - SUBJECTS | |
| Topical Term | UML (Computer science) |
| 650 #0 - SUBJECTS | |
| Topical Term | System analysis. |
| 650 #0 - SUBJECTS | |
| Topical Term | System design. |
| 700 1# - OTHER AUTHORS | |
| Personal name | McRobb, Steve. |
| 700 1# - OTHER AUTHORS | |
| Personal name | Farmer, R. |
| 942 ## - ADDED ENTRY ELEMENTS (KOHA) | |
| Koha item type | Books |
| Withdrawn status | Lost status | Collection code | Home library | Current library | Shelving location | Date acquired | Full call number | Accession Number | Koha item type |
|---|---|---|---|---|---|---|---|---|---|
| Reference | Methodist University Library Main | Methodist University Library Main | General Stacks | QA76.64 .B455 | 37010 | Books |